Detalles MARC
| 000 -CABECERA |
| campo de control de longitud fija |
01207nam a2200265 a 4500 |
| 001 - NÚMERO DE CONTROL |
| campo de control |
000010193 |
| 005 - FECHA Y HORA DE LA ÚLTIMA TRANSACCIÓN |
| campo de control |
20240412074216.0 |
| 008 - DATOS DE LONGITUD FIJA--INFORMACIÓN GENERAL |
| campo de control de longitud fija |
091005s1990 dr a 000 p spa d |
| 040 ## - FUENTE DE LA CATALOGACIÓN |
| Centro catalogador/agencia de origen |
DO-SdBNP |
| Lengua de catalogación |
spa |
| Centro/agencia transcriptor |
BNPHU |
| 082 ## - NÚMERO DE LA CLASIFICACIÓN DECIMAL DEWEY |
| Número de clasificación |
RD861.44 |
| Número de documento/Ítem |
G633c |
| 100 1# - ENTRADA PRINCIPAL--NOMBRE DE PERSONA |
| Nombre de persona |
Gómez Rosa, Alexis, |
| Fechas asociadas al nombre |
1950- |
| 9 (RLIN) |
23501 |
| 245 10 - MENCIÓN DE TÍTULO |
| Título |
Cabeza de alquiler (contra la pluma la espuma): poemas 1980-86 ; |
| Resto del título |
Opio territorio (contra la pluma la espuma): poemas 1980-86 / |
| Mención de responsabilidad, etc. |
Alexis Gómez Rosa ; edición Luis Ceballos Blanco. |
| 260 ## - PUBLICACIÓN, DISTRIBUCIÓN, ETC. |
| Lugar de publicación, distribución, etc. |
Santo Domingo : |
| Nombre del editor, distribuidor, etc. |
Taller, |
| Fecha de publicación, distribución, etc. |
1990. |
| 300 ## - DESCRIPCIÓN FÍSICA |
| Extensión |
134, 108 p. : |
| Otras características físicas |
il. ; |
| Dimensiones |
23 cm. |
| 490 1# - MENCIÓN DE SERIE |
| Mención de serie |
Luna cabeza caliente. Novilunio. |
| Designación de volumen o secuencia |
9 |
| 502 ## - NOTA DE TESIS |
| Nota de tesis |
Publicado con: Opio territorio: (contra la pluma la espuma) poemas 1980-86 |
| 563 ## - NOTA DE ENCUADERNACIÓN |
| Nota de encuadernación |
Dos obras publicadas juntas con paginación independiente en encuadernación invertida. |
| 590 ## - NOTA LOCAL (RLIN) |
| Nota local |
Inventariado, 2018/LP |
| 650 #0 - PUNTO DE ACCESO ADICIONAL DE MATERIA--TÉRMINO DE MATERIA |
| Término de materia o nombre geográfico como elemento de entrada |
Poesía dominicana |
| 9 (RLIN) |
66 |
| 650 #0 - PUNTO DE ACCESO ADICIONAL DE MATERIA--TÉRMINO DE MATERIA |
| Término de materia o nombre geográfico como elemento de entrada |
Literatura dominicana. |
| 9 (RLIN) |
67 |
| 700 12 - PUNTO DE ACCESO ADICIONAL--NOMBRE DE PERSONA |
| Nombre de persona |
Gómez Rosa, Alexis, |
| Fechas asociadas al nombre |
1950- |
| Título de la obra |
Opio territorio (contra la pluma la espuma): poemas 1980-86 |
| 9 (RLIN) |
25196 |
| 700 1# - PUNTO DE ACCESO ADICIONAL--NOMBRE DE PERSONA |
| Nombre de persona |
Ceballos Blanco, Luis, |
| Término indicativo de función/relación |
ed. |
| 9 (RLIN) |
25197 |
| 830 #0 - PUNTO DE ACCESO ADICIONAL DE SERIE-TÍTULO UNIFORME |
| Título uniforme |
Luna cabeza caliente. Novilunio. |
| Designación de volumen o secuencia |
9 |
| 9 (RLIN) |
25198 |
| 910 ## - DATOS DE OPCIÓN DEL USUARIO (OCLC) |
| Datos de opción del usuario |
Validado. Control de calidad BNPHU |